[Event "Stavanger op"]
[Site "Stavanger"]
[Date "2018.10.11"]
[Round "2"]
[White "Sauer, Bernd"]
[Black "Frovik, Einar Clausen"]
[Result "1-0"]
[WhiteElo "1864"]
[BlackElo "1712"]
[PlyCount "51"]
[EventDate "2018.10.10"]
[EventType "swiss"]
[EventRounds "9"]
[EventCountry "NOR"]
[SourceTitle "CBM 186 Extra"]
[Source "ChessBase"]
[SourceDate "2018.08.24"]
[SourceVersion "1"]
[SourceVersionDate "2018.08.24"]
[SourceQuality "1"]

1. d4 d5 2. c4 c6 3. Nf3 Nf6 4. Nc3 Bf5 5. cxd5 cxd5 6. Qb3 Qc7 7. Nxd5 Nxd5 8. Qxd5 e6 9. Qb5+ Nc6 10. e3 a6 11. Qa4 Ra7 12. Bd2 b5 13. Qb3 Qb6 14. Be2 Rc7 15. 0-0 Bd6 16. Rfc1 0-0 17. Qd1 Rfc8 18. Ne1 e5 19. Bg4 Bxg4 20. Qxg4 exd4 21. exd4 Qxd4 22. Qxd4 Nxd4 23. Rxc7 Rxc7 24. Be3 Nc2 25. Rd1 Be7 26. Rc1 1-0